| 000 | 00917nam a2200253Ia 4500 | ||
|---|---|---|---|
| 003 | IN-BaIIA | ||
| 008 | 211028s9999 xx 000 0 eng d | ||
| 020 | _a90-277-0406-6 | ||
| 040 | _cIIA Library | ||
| 080 |
_a082.2:52 _bIAU-S53 |
||
| 110 | _aIntenational Astronomical Union | ||
| 111 |
_aInternational Astronomical Union Symposium _n53rd _cColorado,U.S.A. _d1972 Aug. 21-25 _97750 |
||
| 245 | 0 |
_aPhysics of dense matter _bproceedings of the IAU symposium no. 53,held in Boulder,Colorado,U.S.A., August 21-25, 1972 _cedited by Carl J Hansen |
|
| 260 |
_aDordrecht _bD. Reidel Publishing _c1974 |
||
| 300 | _ax, 327p. | ||
| 490 | _aIAU Symposium; no. 53 | ||
| 650 | _aAstronomy and Astrophysics Thesaurus | ||
| 650 |
_aDense matter _97751 |
||
| 650 |
_aInterstellar matter _91189 |
||
| 650 |
_aNebulae _9976 |
||
| 700 |
_aHansen, Carl J., ed. _97752 |
||
| 710 | _aInternational Astronomical Union | ||
| 942 | _cBK | ||
| 999 |
_c4440 _d4440 |
||